000 01775nam2a22003491 4500
001 v19\rc\1473669
005 20250618151151.0
035 _a(NLR Aleph) 004608579
090 _a2882294
_c2882294
100 _a20060620d1903 |||y0rusy50 ca
101 0 _arus
102 _aRU
105 _ay j |||||
200 0 _aза 1901-1902 г.
_e(32-й обзор)
_h[Вып. 2]
_iДеятельность отделов Учебно-воспитательного комитета: а) общепедагогического и имени Коменского, б) географического и в) графических искусств. (1901-1902 уч. г.)
210 _d1903
_aБ. м.
215 _a[2], 199-284 с.
461 0 _1001v19\rc\1473624
_12001#$aКраткий обзор деятельности Педагогического музея военно-учебных заведений ...$vза 1901-1902 г.
_92881711
_aПедагогический музей военно-учебных заведений (Петербург)
_cПетроград
_d1877-1917
_tКраткий обзор деятельности Педагогического музея военно-учебных заведений ...
_vза 1901-1902 г.
801 0 _aRU
_bNLR
_gpsbo
801 0 _aRU
_bRuMoRGB
_2psbo
801 1 _aRU
_bProSoft-M
_2rusmarc
852 _aNLR
_j18.284.6.6
852 _aNLR
_jП28/560
899 _aRuMoRGB (1880-1914*)
_jV 207/7
899 _aRuMoRGB (1880-1914*)
_jКл 35/125
899 _aRuMoRGB (1880-1914*)
_jV 576/213
899 _aRuMoRGB (1880-1914*)
_jΔ 12/2
899 _aRuMoRGB (1880-1914*)
_jΔ 504/304
899 _aБАН (1881-1914*)
899 _aГПИБ (1887-1914*)
899 _aНБ МГУ (1884-1914*)
942 _cBOOK
980 _aNB